000 05306nas1a22005531i 4500
001 RU\NLR\INFOCOMM4\1000601776
005 20260407150828.0
035 _a(NLR Aleph) 002303842
090 _a4251519
_c4251519
100 _a20041005c1961 |||y0rusy50 ca
101 0 _arus
102 _aRU
110 _aayu||||0|y0
200 1 _aПромышленность искусственной кожи
_fГос. ком. Совета Министров СССР по координации н.-и. работ. Центр. ин-т НТИ лег. пром-сти
210 _aМ.
_cЦинтилегпром
_d1961-
311 _aВыходит взамен: Промышленность искусственной кожи: Науч.-техн. сб. (Ш.: П11/2239)
712 0 2 _4570
_aЦентральный институт научно-технической информации легкой промышленности
_cМосква
_3RU\NLR\AUTH\8810025847
_9549925
801 1 _aRU
_bInfoComm
_c20041005
801 0 _aRU
_bNLR
_gPSBO
852 _aNLR
_jП11/2110
942 _cJOURNAL
980 _aRUSPER